000 01652nam a22002537a 4500
005 20120224115839.0
010 _aB-461666-670
020 _a9789380480497
_c350.00
035 _aB-461666-670
037 _bVirtuous/Ven
100 _aDe, Shobhaa
_948740
245 _a Shobhaa at sixty:
_cby Shobhaa De
_bsecrets of getting it right at any age /
260 _aNew Delhi
_bHay House Publishers
_c2010
270 _a11, Community Centre, panchsheel Park,
_bNew Delhi
_e110017
300 _a212p.
_c21cm(pbk)
700 _942986
942 _2ddc
_cEN
_mDES
_h305.262092
999 _c67080
_d67080